000
00346pam a2200157a 44500
008
230515b1989 xxu||||| |||| 00| 0 eng d
020
_a
NULL
041
_a
ENGL
082
_a
/THE
100
_a
THEIRAUT R.J.
245
_a
SYSTEMS ANALYSIS AND DESIGN
250
_a
N.D.
260
_a
NULL
_b
C.B.S
_c
1989
300
_a
684 PB
650
_a
NULL
999
_c
622296
_d
622296